Why smart executives fail and what you can learn from their mistakes

Bibliographic Details
Main Author: Finkelstein, Sydney
Format: Book
Published: New York : Portfolio , 2004
Subjects:

MARC

LEADER 00000cam a2200000 7i4500
001 0000015147
005 20080317.0
008 080317
020 |a 1591840457 
090 0 0 |a 658.409   |b FIN 
100 1 |a Finkelstein, Sydney 
245 1 0 |a Why smart executives fail and what you can learn from their mistakes   |c Sydney Finkelstein 
260 |a New York :   |b Portfolio ,   |c 2004 
650 0 |a Business failures 
650 0 |a Executive ability 
650 0 |a Executives   |x Psychology 
650 0 |a Failure (Psychology) 
650 0 |a Success in business 
999 |a 0001012050   |b Book   |c Adult Collection   |e Perbadanan Perpustakaan Awam Johor